00621nam a22001817a 450000500170000001000120001702000270002903700220005608200110007810000350008924501160012426000350024027000740027530000210034970000250037094200250039599900190042020260228114553.0 aBACEN26 c1795.00a9789361368370 bN.N. publications a371.26 aDhillon, Shamshir Singh987800 aAssessment and Evaluation in Education:bmethods and applictions/cby Shamshir Singh Dhillon [and] Ranjit Kaur  bN.N. publicationsc2025aDelhi a29/502, East end apartments, mayur vihar extn. phase-IbDelhie110096 a222p.c24cm (hb) aKaur ,Ranjit 987760 2ddccENh371.26mDHI c215172d215172